Statistiche per Stazioni della metropolitana di Genova

Clicka qui per fare il quiz!

Statistiche generali

  • Questo quiz è stato fatto 27 volte
  • Il punteggio medio è 6 su 8

Statistiche sulle risposte

Risposta% Corretto
Brignole
96%
Brin
83%
Principe
83%
De Ferrari
70%
Dinegro
65%
Sarzano - Sant'Agostino
57%
San Giorgio
52%
Darsena
48%

Distribuzione punteggi

Percentile per numero di risposta

Percentuale di utenti per punteggio

I tuoi punteggi nel tempo

Non hai fatto questo quiz